| 000 | 00732nam a2200217Ia 4500 | ||
|---|---|---|---|
| 003 | GCL | ||
| 008 | 140319s9999 xx 000 0 ara d | ||
| 020 | _a1301119957 | ||
| 040 |
_aGCL / _cGCL |
||
| 082 | 0 | 4 |
_a229.48 _bم د |
| 100 | 1 | _aمحمد احمد الاشقر | |
| 245 | 1 | 0 |
_aالدراسات الادبية لاسلوب القران الكريم فى العصر الحديث / _cمحمد احمد الاشقر |
| 250 | _aالاولى | ||
| 260 |
_aالاردن : _bدار وائل للنشر ، _c2003 |
||
| 300 |
_a191 ص ؛ _c24 سم |
||
| 650 | 0 | 4 | _aالادب الدينى |
| 650 | 0 | 4 | _aالقران - بلاغة |
| 650 | 0 | 4 | _aالقران - تفاسير |
| 650 | 0 | 4 | _aالقران والادب |
| 942 |
_2ddc _cBK |
||
| 999 |
_c8392 _d8392 |
||